| 000 | 00666nam a2200205Ii 4500 | ||
|---|---|---|---|
| 003 | JO-AjNU | ||
| 008 | 230605s9999||||xx |||||||||||||| ||und|| | ||
| 040 |
_aJO-AjNU _bara _erda _cJO-AjNU |
||
| 041 | _aara | ||
| 050 | 1 | 4 | _aBP70.I2652.1985 |
| 100 | 3 |
_aبن الجوزي،ابي الفرج, _eauthor _916077 |
|
| 245 | 0 | 0 | _aالحث على حفظ العلم وذكر كبار الحفاظ |
| 250 | _aط1 | ||
| 264 | 3 | 1 | _aبيروت:دار الكتب العلمية ،1985 |
| 300 | _a77ص | ||
| 336 |
_atext _btxt _2rdacontent |
||
| 337 |
_aunmediated _bn _2rdamedia |
||
| 338 |
_avolume _bnc _2rdacarrier |
||
| 650 | 4 |
_aالعلم-حفظ-كبار الحفاظ _916078 |
|
| 999 |
_aA4685 _c8253 _d8253 |
||